Geography Quiz

Random Geography or City Quiz

Capital cities Quiz Stats

 Plays Quiz not verified by Sporcle

Score 0/28 Timer 05:00
5 Plays Today
Country City % Correct
FranceParis
93.1%
IrelandDublin
92%
ItalyRome
90.9%
United KingdomLondon
89.6%
GermanyBerlin
89.4%
BelgiumBrussels
88.6%
SpainMadrid
87.7%
AustriaVienna
86.5%
PortugalLisbon
83.2%
GreeceAthens
83.1%
NetherlandsAmsterdam
81.9%
DenmarkCopenhagen
79.1%
Czech RepublicPrague
73.3%
HungaryBudapest
72.3%
Country City % Correct
PolandWarsaw
72%
FinlandHelsinki
68.6%
BulgariaSofia
66.2%
SwedenStockholm
64.5%
LuxembourgLuxembourg
63.1%
CroatiaZagreb
59.9%
RomaniaBucharest
50.5%
LatviaRiga
48.6%
Estonia Tallinn
39.9%
CyprusNicosia
37.7%
SlovakiaBratislava
30.6%
MaltaValetta
29.9%
LithuaniaVilnius
29.7%
SloveniaLjubljana
18.9%

You're not logged in!

Compare scores with friends on all Sporcle quizzes.
OR
Log In

Show Comments

Extras

Top Quizzes Today


Score Distribution

Your Account Isn't Verified!

In order to create a playlist on Sporcle, you need to verify the email address you used during registration. Go to your Sporcle Settings to finish the process.

Report this User

Report this user for behavior that violates our Community Guidelines.

Details: